| 000 | 01056naa a2200169 i 4500 | ||
|---|---|---|---|
| 003 | KOSZ 005 | ||
| 005 | 20180418091855.0 | ||
| 008 | 180222s2007 pl ||||f |||| 00| 0 pol d | ||
| 040 |
_aKOSZ 005 _cKOSZ 005 _dKOSZ 005/HR |
||
| 100 |
_aKLONOWSKA-MATYNIA, Maria. _d1999 - _bPolitechnika Koszalińska - Wydział Nauk Ekonomicznych, _cKatedra Ekonomii |
||
| 245 | 1 | 0 |
_aProcesy przejęć i fuzji w polskich banków komercyjnych w warunkach członkostwa Polski w Unii Europejskiej na przykładach polskiego sektora bankowego w latach 2000-2005 / _cMaria Klonowska-Matynia, Kamila Radlińska. |
| 655 | 0 | _aMateriały konferencyjne. | |
| 700 |
_aRADLIŃSKA, Kamila. _bPolitechnika Koszalińska - Wydział Ekonomii i Zarządzania _d2004 - 2011. |
||
| 711 | 2 | 2 |
_aTRANS '07 _d(2007 ; _cWarszawa) |
| 773 | 0 |
_iW : _tTworzenie wartości przedsiębiorstwa na rynku Unii Europejskiej / pod red. Haliny Brdulak, Elżbiety Duliniec, Tomasza Gołębiowskiego. - _dWarszawa : Szkoła Główna Handlowa. Oficyna Wydawnicza, 2007. - _gs. 517-524. |
|
| 942 |
_2UKD _cROZ |
||
| 999 |
_c8643 _d8643 |
||